2005 Movies - Statistics

General Stats
  • This quiz has been taken 30 times
  • The average score is 21 of 50
Answer Stats
Picture Answer % Correct
Harry Potter And The Goblet Of Fire
96%
Batman Begins
92%
Charlie And The Chocolate Factory
88%
Madagascar
83%
Corpse Bride
79%
Fantastic 4
79%
Herbie Fully Loaded
79%
Star Wars: Revenge Of The Sith
79%
Brokeback Mountain
75%
War Of The Worlds
58%
Wedding Crashers
58%
Cheaper By The Dozen 2
54%
Elektra
54%
March Of The Penguins
54%
Coach Carter
50%
Fun With Dick And Jane
50%
Hitch
50%
Sky High
50%
The 40 Year-Old Virgin
50%
The Longest Yard
46%
Zathura: A Space Adventure
46%
Are We There Yet?
42%
Doom
42%
Mr & Mrs Smith
42%
Aeon Flux
38%
Hoodwinked!
38%
Sahara
38%
The Pacifier
38%
Walk The Line
38%
Wallace & Gromit: The Curse Of The Were-Rabbit
38%
Kingdom Of Heaven
33%
The Dukes Of Hazzard
33%
Nanny McPhee
29%
House Of Wax
25%
Monster-in-Law
25%
The Island
25%
The Legend Of Zorro
25%
xXx: The Next Level
25%
Get Rich Or Die Tryin'
21%
Kinky Boots
21%
Valiant
21%
Into The Blue
17%
Red Eye
17%
Stealth
17%
Chaos
8%
In Her Shoes
8%
Assault On Precinct 13
4%
Be Cool
4%
Just Like Heaven
4%
Rumor Has It...
4%
No matching quizzes found
Score Distribution
Percent of People with Each Score
Percentile by Number Answered
Your Score History
You have not taken this quiz